| Record ID | marc_records_scriblio_net/part23.dat:178512993:911 |
| Source | Scriblio |
| Download Link | /show-records/marc_records_scriblio_net/part23.dat:178512993:911?format=raw |
LEADER: 00911cam 2200277 a 4500
001 93162410
003 DLC
005 20041208174737.0
008 931126s1992 enkac 000 0 eng d
010 $a 93162410
020 $a0851703399 (pbk)
035 $a(OCoLC)27108524
040 $aUk$cUk$dMWelC$dDLC
042 $alccopycat
050 00 $aPN1997.C51173$bM85 1992
082 00 $a791.43/72$220
100 1 $aMulvey, Laura.
245 10 $aCitizen Kane /$cLaura Mulvey.
260 $aLondon :$bBFI Publishing,$c1992.
300 $a87 p. :$bill., ports. ;$c19 cm.
490 0 $aBFI film classics
504 $aBibliography: p. 87.
630 00 $aCitizen Kane (Motion picture)
710 2 $aBritish Film Institute.
856 42 $3Contributor biographical information$uhttp://www.loc.gov/catdir/bios/ucal052/93162410.html
856 42 $3Publisher description$uhttp://www.loc.gov/catdir/description/ucal042/93162410.html